| 000 | 00619nam a2200193 i 4500 | ||
|---|---|---|---|
| 001 | 26360 | ||
| 003 | ES-MaACL | ||
| 005 | 20230906153429.0 | ||
| 007 | t| | ||
| 008 | 030109s1895 sp ||||1| spa d | ||
| 100 | 1 |
_aArtigas y Teixidor, Primitivo. _923476 |
|
| 245 | 1 | 0 |
_aAlcornocales e industria corchera _b: [con un atlas explicativo] / _cpor Primitivo Artigas. |
| 260 |
_aMadrid : _bRicardo Rojas, _c1895. |
||
| 300 |
_a2 v., 27 lám. ; _c25 cm. |
||
| 505 | 8 | _aContiene: v. 1. Texto -- v. 2. Atlas | |
| 650 | 4 |
_aAlcornoque. _9149909 |
|
| 650 | 4 |
_aIndustria del corcho. _9149910 |
|
| 852 |
_aES-MaACL _jF-10419-20 |
||
| 999 |
_c26360 _d26360 |
||